UBT Library

Mergers & Acquisitions : (Record no. 292)

000 -LEADER
fixed length control field 00614nam a22002057a 4500
008 - FIXED-LENGTH DATA ELEMENTS--GENERAL INFORMATION
fixed length control field 131113b xxu||||| |||| 00| 0 eng d
020 ## - INTERNATIONAL STANDARD BOOK NUMBER
International Standard Book Number 3854282230
041 0# - LANGUAGE CODE
Language code of text/sound track or separate title eng
080 ## - UNIVERSAL DECIMAL CLASSIFICATION NUMBER
Universal Decimal Classification number 339
100 1# - Rafti
Rafti Eife, Franz Ferdinand
245 10 - TITLE STATEMENT
Title Mergers & Acquisitions :
Statement of responsibility, etc Franz Ferdinand Eife, Wolfgang Molzer
260 ## -
-- Wien :
-- Service Fachverlag ;
-- 1993.
300 ## -
-- 119 f. :
-- 24 cm.
500 ## -
-- Vorwort : f. 7
500 ## -
-- Einleitung : f. 9-11
505 ## -
-- Literaturhinweise : f. 113 - 119
650 #0 -
-- Blerja
650 #0 -
-- Bizneset
942 ## - ADDED ENTRY ELEMENTS (KOHA)
Source of classification or shelving scheme
Item type Books
Holdings
Withdrawn status Lost status Source of classification or shelving scheme Damaged status Not for loan Collection code Permanent location Current location Shelving location Date acquired Total Checkouts Full call number Barcode Date last seen Koha item type
          Koleksioni i përgjithshem UBT - Prishtine UBT - Prishtine Koleksioni i përgjithshem 11/13/2013   339 EIF 001-000365 11/13/2013 Books
          Koleksioni i përgjithshem UBT - Prishtine UBT - Prishtine Koleksioni i përgjithshem 11/13/2013   339 EIF 001-000364 11/13/2013 Books
          Koleksioni i përgjithshem UBT - Prishtine UBT - Prishtine Koleksioni i përgjithshem 11/13/2013   339 EIF 001-000363 11/13/2013 Books
          Koleksioni i përgjithshem UBT - Prishtine UBT - Prishtine Koleksioni i përgjithshem 11/13/2013   339 EIF 001-000362 11/13/2013 Books
UBT Library © 2015-2024. All rights reserved University Education for Business and Technology